Giáo trình bồi dưỡng Hiệu trưởng trường Tiểu học

Gorde:
Xehetasun bibliografikoak
Egile nagusia: Mai, Quang Tâm
Formatua: Liburua
Hizkuntza:Undetermined
Argitaratua: Hà Nội Nhà xuất bản Hà Nội 2006
Gaiak:
Etiketak: Etiketa erantsi
Etiketarik gabe, Izan zaitez lehena erregistro honi etiketa jartzen!
Thư viện lưu trữ: Trung tâm Học liệu Trường Đại học Cần Thơ
LEADER 00649nam a2200193Ia 4500
001 CTU_112488
008 210402s9999 xx 000 0 und d
020 |c 14000 
082 |a 353.8 
082 |b T120/P.1 
100 |a Mai, Quang Tâm 
245 0 |a Giáo trình bồi dưỡng Hiệu trưởng trường Tiểu học 
245 0 |c Mai Quang Tâm (Chủ biên) 
260 |a Hà Nội 
260 |b Nhà xuất bản Hà Nội 
260 |c 2006 
650 |a Education and state,School administrators,School management and organization 
904 |i Minh 
980 |a Trung tâm Học liệu Trường Đại học Cần Thơ